=LDR 00000nam 2200000 4500 =001 INLIS000000000018535 =005 20140505110353.0 =006 =007 =008 ind =035 ##$$a 0010-061300000018535 =041 ##$$a ind =082 ##$$a F =090 ##$$a F.Rom.D, Ett h =100 ##$$a Etty, Maria =245 ##$$a Hayuri, Maria Etty =260 ##$$a 2004 $b Jakarta =300 ##$$a vi, 234 hlm, 22 cm =650 ##$$a Fiksi Dewasa Indonesia =850 ##$$a NBPNMAT =990 ##$$a 0001/BPAP-NTB/20142014